00621nam a22002297a 450000500170000001000110001702000100002803500110003803700160004904000120006508200170007710000160009424500640011024600060017425000160018026000370019627000430023330000190027650000530029565000200034865000230036820170124110257.0 a738239 c00.00 ha738239 bCen Lib/Ret aDPLbEN a330.954bGHO aGhosh, Alak aIndian economy :cby Alak Ghosh bits nature and problems / b  a18th rev ed bThe world Press c1974aCalcutta bCalcuttaa37A, college street e700073 a668.c20cm(Hb) aIncludes bibliographical references and appendix aIndian economy  aIndustrial policy